|
|
|
|
| LEADER |
02255nam a2200325 a 4500 |
| 001 |
14795636 |
| 008 |
111214s2008 maua b 001 0 eng |
| 010 |
|
|
|a 2007013967
|
| 020 |
|
|
|a 9780763709167
|
| 020 |
|
|
|a 0763709166
|
| 040 |
|
|
|a DNLM/DLC
|c DLC
|d DLC
|d BD-DhAAL
|
| 050 |
0 |
0 |
|a QH506
|b .F73 2008
|
| 082 |
0 |
0 |
|a 572.8
|2 22
|
| 100 |
1 |
|
|a Tropp, Burton E.
|
| 245 |
1 |
0 |
|a Molecular biology :
|b genes to proteins /
|c Burton E. Tropp.
|
| 250 |
|
|
|a 3rd ed.
|
| 260 |
|
|
|a Sudbury, Mass. :
|b Jones and Bartlett Publishers,
|c c2008.
|
| 300 |
|
|
|a xxiv, 1000 p. :
|b ill. (chiefly col.) ;
|c 29 cm.
|
| 500 |
|
|
|a Rev. ed. of: Molecular biology / David Freifelder. 2nd ed. c1987.
|
| 504 |
|
|
|a Includes bibliographical references and index.
|
| 541 |
|
|
|e 00024028
|
| 505 |
0 |
|
|a Introduction to molecular biology -- Protein structure -- Protein function -- Deoxyribonucleic acid structure -- Nucleic acid technology -- Chromosome structure -- Genetic analysis in molecular biology -- Viruses in molecular biology -- DNA replication -- DNA damage and repair -- Recombination -- Transposons and other mobile elements -- Bacterial RNA polymerase -- Regulation of bacterial gene transcription -- RNA, polymerase II : basal transcription -- RNA polymerase II : regulation -- RNA polymerase II : cotranscriptional and posttranscriptional processes -- Ribosomal RNA, transfer RNA, and organellar RNA synthesis -- Protein synthesis : the genetic code -- Protein synthesis : the ribosome.
|
| 650 |
|
0 |
|a Molecular biology.
|
| 650 |
1 |
2 |
|a Molecular Biology.
|
| 700 |
1 |
|
|a Freifelder, David,
|d 1935-
|t Molecular biology.
|
| 852 |
1 |
|
|a Ayesha Abed Library
|c General shelf.
|
| 999 |
|
|
|c 11595
|d 11595
|
| 952 |
|
|
|0 0
|1 0
|2 ddc
|4 0
|6 572_800000000000000_TRO
|7 0
|9 18866
|a BRACUL
|b BRACUL
|c GEN
|d 2011-12-12
|e PARASH PUBLISHERS
|g 4150.00
|l 8
|m 119
|o 572.8 TRO
|p 3010024028
|r 2025-10-07
|s 2025-02-08
|t 1
|w 2011-12-14
|y BK
|
| 952 |
|
|
|0 0
|1 0
|2 ddc
|4 0
|6 572_800000000000000_TRO
|7 0
|9 18867
|a BRACUL
|b BRACUL
|c GEN
|d 2011-12-12
|e PARASH PUBLISHERS
|g 4150.00
|l 7
|m 45
|o 572.8 TRO
|p 3010024029
|r 2026-01-26
|s 2025-06-26
|t 2
|w 2011-12-14
|y BK
|
| 952 |
|
|
|0 0
|1 0
|2 ddc
|4 0
|6 572_800000000000000_TRO
|7 0
|9 18868
|a BRACUL
|b BRACUL
|c GEN
|d 2011-12-12
|e PARASH PUBLISHERS
|g 4150.00
|l 9
|m 63
|o 572.8 TRO
|p 3010024030
|r 2025-06-17
|s 2025-03-02
|t 3
|w 2011-12-14
|y BK
|